000 00287nam a2200133Ia 4500
008 221030s9999 xx 000 0 und d
041 _aEnglish
082 _a105.23
100 _aNadia Manzoor/386
245 0 _aVISUAL BASIC
260 _aJammu
_c1999
650 _aComputers
942 _cTH
999 _c744
_d744